000 00958nas a2200289 4500
001 BR2015002651
003 BR-BrBNA
005 20231205125305.0
007 ta
008 230509b bl.|||p| |||| 00| 00por d
040 _aBR-BrBNA
_bpor
_cBiblioteca Nacional de Agricultura
041 _a(Pt)
072 _aH20; J11
100 1 _aGonçalves, P.A. de S.
100 1 _aBoff, P.
100 1 _aMenezes Júnior, F.O.G.
245 1 _aEfeito de altas diluições de calcário de conchas e Natrum muriaticum no manejo fitossanitário na produtividade e na armazenagem de cebola em sistema orgânico
650 _aCEBOLA
650 _aARMAZENAMENTO
650 _aPRODUTIVIDADE
650 _aHOMEOPATIA
650 _aDOENÇA DE PLANTA
650 _aMÍLDIO
773 0 _tAgropecuária Catarinense (Brazil)
_xISSN 0103-0779
_g(Nov 2014-Feb 2015), v. 27(3) p. 78-82
_wBR2015002651
909 _a202311
_bLúcia
_c55
_dLúcia Elande
942 _2AGRIS
_n0
_cANA
999 _c243632
_d243632